[Event "GER-ch54 V05 email"]
[Site "GER email"]
[Date "2022.05.01"]
[Round "?"]
[White "Naeter, Burkhard"]
[Black "Weber, Karlheinz"]
[Result "1-0"]
[WhiteElo "2086"]
[BlackElo "2113"]
[PlyCount "77"]
[EventDate "2022.05.01"]
[EventType "tourn (corr)"]
[EventRounds "10"]
[EventCountry "GER"]
[SourceTitle "Corr 2024"]
[Source "ChessBase"]
[SourceDate "2023.10.19"]
[SourceVersion "1"]
[SourceVersionDate "2023.10.19"]
[SourceQuality "1"]

1. d4 d5 2. Nf3 Nf6 3. e3 e6 4. Bd3 c5 5. c3 Nc6 6. 0-0 Bd6 7. Nbd2 0-0 8. dxc5 Bxc5 9. b4 Bd6 10. Bb2 a6 11. a3 b5 12. a4 Rb8 13. axb5 axb5 14. Nd4 Nxd4 15. exd4 Qc7 16. h3 Re8 17. Re1 Bd7 18. Nb3 Ra8 19. Rxa8 Rxa8 20. Nc5 Bc6 21. Bc1 Ra7 22. Qc2 Ne4 23. Be3 h6 24. Qb2 Bf4 25. Bc1 Bd6 26. Nxe4 dxe4 27. Bxe4 Bxe4 28. Rxe4 Qc4 29. Re3 Ra2 30. Qb1 Qd5 31. Re1 Qc4 32. Re3 g5 33. g3 Kg7 34. Qd3 Qxd3 35. Rxd3 Ra1 36. Rd1 e5 37. d5 f5 38. Kf1 Kf6 39. Bxg5+ 1-0